The don't sweat the small stuff workbook : simple ways to keep the little things from taking over your life

Bibliographic Details
Main Author: Carlson, Richard
Corporate Author: Title
Format: Book
Published: London : Hodder and Stoughton , 1998
Subjects:

MARC

LEADER 00000cam a2200000 7i4500
001 0000012492
005 20080129.0
008 071218
020 |a 0340738332 
090 0 0 |a 158.1   |b CAR 
100 1 |a Carlson, Richard 
245 1 4 |a The don't sweat the small stuff workbook :   |b simple ways to keep the little things from taking over your life   |c Richard Carlson 
260 |a London :   |b Hodder and Stoughton ,   |c 1998 
650 0 |a Conduct of life 
650 0 |a English fiction 
650 0 |a Self management (Psychology) 
710 0 |a Title 
999 |a 0001003625   |b Book   |c Adult Collection   |e Perbadanan Perpustakaan Awam Johor